Pre-Roman languages of Italy - Statistics

General Stats
  • This quiz has been taken 130 times
  • The average score is 12 of 31
Answers on the Map
Answers color-coded by a green-red scale on the quiz's map according to % correct below.
 
Answer Stats
Answer % Correct
Latin
93%
Attic Greek
88%
Doric Greek
88%
Ionic Greek
88%
Nuragian
85%
Etruscan
83%
Paleo-Corsican
83%
Punic
71%
Ligurian
68%
Gaulish
60%
Umbrian
59%
Oscan
49%
Sicel
41%
Faliscan
35%
Venetic
35%
Rhaetic
32%
Messapic
31%
Sabine
25%
North Picene
20%
South Picene
20%
Lepontic
19%
Sican
19%
Aequian
9%
Elymian
9%
Marsian
9%
Camunic
8%
Volscan
8%
Hernican
7%
Vestinian
5%
Marrucinan
1%
Paelignan
0%
No matching quizzes found
Score Distribution
Percent of People with Each Score
Percentile by Number Answered
Your Score History
You have not taken this quiz